00333nam a2200109 450000500170000024500720001726400470008930000170013633600220015333700240017533800240019920260530113902.010aLos Reyes Mezontla Artesanía en Barro Técnicas Prehispánicas 1bInstituto de las Artesanías Pueblac2010 a84 páginas atexto2rdacontent asin medio2rdamedia avolumen2rdacarrier